History Quiz

Random History or Border Quiz

Borders of Germany (1871-) Quiz Stats

Quiz Updated Jul 13, 2016

Also try: The Germany Quiz
Challenge
Share
Tweet
Colonial possessions DO count as part of Germany, however, militarily occupied territories do NOT count. Only those that were annexed. East and West Germany count as Germany.
Score 0/26 Timer 06:00
15 Plays Today
Years Bordering Country % Correct
1871-France
98.4%
1918-1939, 1945-Poland
96.9%
1918-1938, 1945-Austria
96.7%
1939-1945Soviet Union
94.4%
1871-Denmark
94.2%
1871-Belgium
92.7%
1871-Switzerland
92.7%
1871-1917Russian Empire
92.5%
1871-Netherlands
92.4%
1885-1908Congo Free State
92.4%
1938-1943Italy
91.3%
1993-Czechia
87.7%
1871-Luxembourg
85%
Years Bordering Country % Correct
1884-1919United Kingdom
84.2%
1938-1945Hungary
83.1%
1884-1919Spain
75.3%
1939-1945Slovakia
71.1%
1938-1945Liechtenstein
68.2%
1918-1992Czechoslovakia
63.3%
1884-1915Portugal
61.3%
1918-1940Lithuania
59.4%
1938-1941Yugoslavia
53.8%
1897-1912Chinese Empire
52.4%
1912-1918Republic of China
52.4%
1941-1944State of Croatia
46.8%
1871-1918Austria-Hungary
39.2%

You're not logged in!

Compare scores with friends on all Sporcle quizzes.
Sign Up with Email
OR
Log In

You Might Also Like...

Show Comments

Extras

Top Quizzes Today


Score Distribution

Your Account Isn't Verified!

In order to create a playlist on Sporcle, you need to verify the email address you used during registration. Go to your Sporcle Settings to finish the process.